[Event "Mondiale Lampo FIDE 2022"]
[Site "Alma Ata"]
[Date "30.12.2022"]
[Round "17.30"]
[White "Adhiban, Baskaran"]
[Black "Yoo, Christopher Woojin"]
[Result "0-1"]
[WhiteTitle ""]
[BlackTitle ""]
[WhiteElo "2611"]
[BlackElo "2575"]
[WhiteFideId "5018471"]
[BlackFideId "30909694"]
[EventDate "29.12.2022"]

1. d4 Nf6 2. c4 g6 3. Nc3 Bg7 4. e4 d6 5. Nf3 O-O 6. Be2 e5 7. O-O Bg4 8. d5 a5
9. h3 Bxf3 10. Bxf3 Na6 11. b3 Nc5 12. Rb1 c6 13. a3 cxd5 14. cxd5 Qe7 15. b4
axb4 16. axb4 Ncd7 17. Be3 Rfc8 18. Nb5 h5 19. Ra1 Ne8 20. Qd2 Qd8 21. Rxa8 Rxa8
22. Rc1 Kh7 23. g3 Ndf6 24. h4 Qd7 25. Qe2 Bh6 26. Bg5 Bxg5 27. hxg5 Ng8 28. Kg2
Qe7 29. Qe3 Kg7 30. Be2 f6 31. gxf6+ Ngxf6 32. Bf3 Qd7 33. Qd3 g5 34. Qe3 Kg6
35. Be2 Ra2 36. Nc3 Rb2 37. Bb5 Qe7 38. Bxe8+ Qxe8 39. Qb6 Qd7 40. Nd1 Rd2 41.
Qe3 Rd4 42. Nc3 Rxb4 43. Rc2 h4 44. f3 hxg3 45. Ne2 Nh5 46. Qc3 Rb1 47. Nxg3
Nf4+ 48. Kf2 Qh3 49. Qc8 Qg2+ 50. Ke3 Re1+ 0-1

[Event "Mondiale Lampo FIDE 2022"]
[Site "Alma Ata"]
[Date "30.12.2022"]
[Round "17.31"]
[White "Nogerbek, Kazybek"]
[Black "Amin, Bassem"]
[Result "0-1"]
[WhiteTitle ""]
[BlackTitle ""]
[WhiteElo "2468"]
[BlackElo "2682"]
[WhiteFideId "13710427"]
[BlackFideId "10601457"]
[EventDate "29.12.2022"]

1. Nf3 f5 2. d3 Nc6 3. d4 e6 4. g3 Nf6 5. Bg2 Be7 6. O-O d6 7. c4 e5 8. dxe5
dxe5 9. Qxd8+ Bxd8 10. Nc3 Be6 11. b3 h6 12. Rd1 e4 13. Nd4 Nxd4 14. Rxd4 c6 15.
Bf4 Bb6 16. Rdd1 Ng4 17. e3 g5 18. Bd6 O-O-O 19. h3 Nf6 20. Be5 Rhf8 21. Na4 Bc7
22. Rxd8+ Kxd8 23. Rd1+ Kc8 24. Bxf6 Rxf6 25. g4 fxg4 26. Nc5 gxh3 27. Nxe6 hxg2
28. Nc5 g4 29. Kxg2 h5 30. Rh1 Rh6 31. Nxe4 h4 32. Rg1 Re6 33. Nc3 h3+ 34. Kh1
g3 35. fxg3 Rxe3 36. Nd1 Rxg3 37. Nf2 Rxg1+ 38. Kxg1 Bb6 39. Kf1 Bxf2 40. Kxf2
Kc7 41. c5 Kd7 42. Kg3 Ke6 0-1

[Event "Mondiale Lampo FIDE 2022"]
[Site "Alma Ata"]
[Date "30.12.2022"]
[Round "17.32"]
[White "Van Foreest, Jorden"]
[Black "Kovalev, Vladislav"]
[Result "1-0"]
[WhiteTitle ""]
[BlackTitle ""]
[WhiteElo "2690"]
[BlackElo "2623"]
[WhiteFideId "1039784"]
[BlackFideId "13504398"]
[EventDate "29.12.2022"]

1. e4 e5 2. Nf3 Nc6 3. Bb5 a6 4. Ba4 Nf6 5. Nc3 b5 6. Bb3 Bc5 7. O-O d6 8. Nd5
Rb8 9. c3 h6 10. d4 Ba7 11. a4 b4 12. Be3 bxc3 13. bxc3 exd4 14. cxd4 O-O 15.
Nxf6+ Qxf6 16. Rc1 Bd7 17. Bd5 Rb6 18. a5 Nxa5 19. Rxc7 Bb5 20. Rxa7 Bxf1 21.
Qxf1 Nc6 22. Rd7 Nb4 23. Bc4 Rd8 24. Rxf7 1-0

[Event "Mondiale Lampo FIDE 2022"]
[Site "Alma Ata"]
[Date "30.12.2022"]
[Round "17.33"]
[White "Tang, Andrew"]
[Black "Sindarov, Javokhir"]
[Result "1-0"]
[WhiteTitle ""]
[BlackTitle ""]
[WhiteElo "2540"]
[BlackElo "2654"]
[WhiteFideId "2059630"]
[BlackFideId "14205483"]
[EventDate "29.12.2022"]

1. d4 Nf6 2. c4 e6 3. Nc3 d5 4. Bg5 dxc4 5. e3 c5 6. Bxf6 Qxf6 7. d5 g6 8. Bxc4
Bg7 9. Qa4+ Bd7 10. Qb3 O-O 11. Qxb7 exd5 12. Nxd5 Qh4 13. Rc1 Nc6 14. Qxd7 Ne5
15. Qh3 Qd8 1-0

[Event "Mondiale Lampo FIDE 2022"]
[Site "Alma Ata"]
[Date "30.12.2022"]
[Round "17.34"]
[White "Sychev, Klementy"]
[Black "Asadli, Vugar"]
[Result "1-0"]
[WhiteTitle ""]
[BlackTitle ""]
[WhiteElo "2556"]
[BlackElo "2567"]
[WhiteFideId "4114060"]
[BlackFideId "13405764"]
[EventDate "29.12.2022"]

1. e4 g6 2. d4 Bg7 3. Nc3 a6 4. Be3 b5 5. Nf3 Bb7 6. Bd3 d6 7. a4 b4 8. Ne2 Nd7
9. c3 c5 10. cxb4 cxb4 11. a5 Ngf6 12. Ng3 O-O 13. O-O Nb8 14. Qd2 Ng4 15. Qxb4
Nxe3 16. fxe3 Bc6 17. Bc4 Ra7 18. Rac1 Rb7 19. Qc3 e6 20. b4 Bb5 21. Bxb5 Rxb5
22. Ne2 Nd7 23. Qc4 Nf6 24. Nc3 Rb8 25. e5 Ng4 26. Qxa6 dxe5 27. Qd3 Rxb4 28. h3
exd4 29. Na2 Rb2 30. Qa3 dxe3 31. hxg4 Qb8 32. Nc3 Rb3 33. Qc5 Rc8 34. Qxe3
Rcxc3 35. Rxc3 Rxc3 36. Qe4 Qa7+ 37. Kh1 Qxa5 38. Rd1 h6 39. Rd7 Rc7 40. Rd8+
Kh7 41. Rd1 Qa3 42. Qf4 Qe7 43. Re1 Rc5 44. Rd1 Rd5 45. Rc1 e5 46. Qe4 Rd7 47.
Kh2 Qf6 48. Rc6 Qf4+ 49. Qxf4 exf4 50. g5 Rd5 51. gxh6 Kxh6 52. Kh3 Bf8 53. Rf6
Kg7 54. Rxf4 Rh5+ 55. Rh4 Ra5 56. Rc4 Be7 57. Kg3 f5 58. Rc7 Kf7 59. Rb7 Rd5 60.
Kf2 Kf6 61. Rb6+ Bd6 62. Ra6 g5 63. Ke2 g4 64. Nd2 Kg5 65. Nc4 Bf4 66. Ra8 Kh4
67. Kf2 Rc5 68. Rh8+ Kg5 69. Ne3 Bc7 70. Rg8+ Kf4 71. g3+ Ke4 72. Re8+ Kd3 73.
Re7 Bb6 74. Rd7+ Ke4 75. Ke2 Rc7 1-0

[Event "Mondiale Lampo FIDE 2022"]
[Site "Alma Ata"]
[Date "30.12.2022"]
[Round "17.35"]
[White "Yakubboev, Nodirbek"]
[Black "Niemann, Hans Moke"]
[Result "1-0"]
[WhiteTitle ""]
[BlackTitle ""]
[WhiteElo "2647"]
[BlackElo "2698"]
[WhiteFideId "14203987"]
[BlackFideId "2093596"]
[EventDate "29.12.2022"]

1. c4 Nf6 2. g3 g6 3. Bg2 Bg7 4. Nc3 O-O 5. d4 d6 6. Nf3 Nc6 7. d5 Na5 8. b3 c5
9. Bd2 a6 10. a4 Qb6 11. Ra3 e6 12. O-O Bd7 13. e4 exd5 14. exd5 Rfe8 15. Re1
Rxe1+ 16. Nxe1 Re8 17. h3 Bf5 18. g4 Bd7 19. Nd3 h5 20. f3 Qc7 21. Nf2 hxg4 22.
hxg4 b6 23. Ne2 Nh7 24. Kf1 f5 25. g5 Ra8 26. Qe1 Nb7 27. f4 Re8 28. Bc3 b5 29.
axb5 axb5 30. Bxg7 Kxg7 31. Qc3+ Kg8 32. Ra6 b4 33. Qa1 Qd8 34. Nd1 Qe7 35. Bf3
Nd8 36. Ra7 Nf7 37. Qc1 Rd8 38. Kf2 Qe8 39. Ng1 Ra8 40. Qa1 Rxa7 41. Qxa7 Qc8
42. Be2 Kf8 43. Nf3 Ke8 44. Nh4 Nf8 45. Ne3 Nd8 46. Qa1 Qc7 47. Nxg6 Nxg6 48.
Bh5 1-0

[Event "Mondiale Lampo FIDE 2022"]
[Site "Alma Ata"]
[Date "30.12.2022"]
[Round "17.37"]
[White "Tari, Aryan"]
[Black "Chigaev, Maksim"]
[Result "0-1"]
[WhiteTitle ""]
[BlackTitle ""]
[WhiteElo "2659"]
[BlackElo "2632"]
[WhiteFideId "1510045"]
[BlackFideId "4108116"]
[EventDate "29.12.2022"]

1. e4 e6 2. d4 d5 3. Nc3 Bb4 4. e5 Ne7 5. Bd2 b6 6. Nce2 Bxd2+ 7. Qxd2 c5 8. f4
Nbc6 9. Nf3 Ba6 10. g3 Bxe2 11. Bxe2 cxd4 12. Nxd4 Nxd4 13. Qxd4 O-O 14. O-O-O
Qc7 15. Kb1 Qc5 16. Qd2 b5 17. Bd3 a5 18. g4 Nc6 19. Rhe1 a4 20. f5 a3 21. f6
Qb4 22. c3 Qxb2+ 23. Qxb2 axb2 24. Bxb5 Rfc8 25. a4 Na7 26. Kxb2 gxf6 27. exf6
Nxb5 28. axb5 Rab8 29. Re5 Rxb5+ 30. Kc2 h6 31. Rd3 Kh7 32. h4 Rc4 33. Rg3 Kg6
34. Re2 Rbc5 35. Kd2 Rf4 36. Ke3 Rxf6 37. Kd4 Rc4+ 38. Ke5 Rff4 39. g5 Rce4+ 40.
Rxe4 Rxe4+ 41. Kd6 h5 42. Rf3 Rxh4 43. Rf6+ Kxg5 44. Rxf7 Re4 45. Rg7+ Kf5 46.
Rf7+ Kg4 47. Rg7+ Kf3 48. Rf7+ Kg3 49. Rg7+ Kh3 50. Rg5 h4 51. Rg6 Kh2 52. Rg7
h3 53. Rg6 Kh1 54. Rg8 h2 55. Rg7 Re2 56. Rg6 Re1 57. Rg7 Rg1 58. Rh7 Kg2 59.
Kxe6 h1=Q 60. Rxh1 Rxh1 61. Kxd5 Kf3 62. c4 Rh5+ 63. Kd6 Ke4 64. c5 Rh6+ 0-1

[Event "Mondiale Lampo FIDE 2022"]
[Site "Alma Ata"]
[Date "30.12.2022"]
[Round "17.38"]
[White "Suleymanli, Aydin"]
[Black "Idani, Pouya"]
[Result "1-0"]
[WhiteTitle ""]
[BlackTitle ""]
[WhiteElo "2543"]
[BlackElo "2637"]
[WhiteFideId "13413937"]
[BlackFideId "12510130"]
[EventDate "29.12.2022"]

1. c4 e5 2. Nc3 d6 3. d4 exd4 4. Qxd4 Nc6 5. Qd2 Nf6 6. b3 a5 7. g3 Be6 8. Bg2
a4 9. Rb1 axb3 10. axb3 g6 11. Nh3 Bg7 12. Nf4 Bf5 13. e4 Bd7 14. O-O O-O 15.
Bb2 Re8 16. Nfd5 Be6 17. Nb5 Rc8 18. Rfe1 Ne5 19. Ndxc7 Rxc7 20. Bxe5 dxe5 21.
Qxd8 Rxd8 22. Nxc7 Bf8 23. Nxe6 fxe6 24. b4 Kf7 25. Red1 Ra8 26. Ra1 Rb8 27. c5
b6 28. Ra7+ Ke8 29. c6 Bxb4 30. c7 Rc8 31. Bf1 1-0

[Event "Mondiale Lampo FIDE 2022"]
[Site "Alma Ata"]
[Date "30.12.2022"]
[Round "17.39"]
[White "Tin, Jingyao"]
[Black "Ghasi, Ameet K"]
[Result "1-0"]
[WhiteTitle ""]
[BlackTitle ""]
[WhiteElo "2562"]
[BlackElo "2471"]
[WhiteFideId "5804418"]
[BlackFideId "409200"]
[EventDate "29.12.2022"]

1. d4 Nf6 2. c4 g6 3. Nc3 Bg7 4. e4 d6 5. Nf3 O-O 6. Be2 e5 7. O-O h6 8. Re1
Nbd7 9. dxe5 dxe5 10. Be3 c6 11. h3 Qc7 12. Qd2 Kh7 13. Rad1 Re8 14. c5 Bf8 15.
b4 a5 16. a3 axb4 17. axb4 b6 18. cxb6 Nxb6 19. Rb1 Na4 20. Rec1 Rd8 21. Qc2
Nxc3 22. Qxc3 Nxe4 23. Qxe5 Qe7 24. Rxc6 Bf5 25. g4 Bd7 26. Rc7 Nf6 27. Bc5 Qxe5
28. Nxe5 Be6 29. Nxf7 Rd7 30. Rxd7 Nxd7 31. Bxf8 Rxf8 32. Nd6 Rb8 33. b5 Kg7 34.
f4 Kf6 35. Kf2 Nc5 36. Rc1 Nb3 37. Rc7 Nd4 38. Ne4# 1-0

[Event "Mondiale Lampo FIDE 2022"]
[Site "Alma Ata"]
[Date "30.12.2022"]
[Round "17.40"]
[White "Batsuren, Dambasuren"]
[Black "Murzin, Volodar"]
[Result "0-1"]
[WhiteTitle ""]
[BlackTitle ""]
[WhiteElo "2525"]
[BlackElo "2561"]
[WhiteFideId "4902920"]
[BlackFideId "44155573"]
[EventDate "29.12.2022"]

1. d4 d5 2. c4 c6 3. Nf3 Nf6 4. e3 Bf5 5. Nc3 e6 6. Nh4 Bg6 7. Nxg6 hxg6 8. a3
Nbd7 9. Be2 Bd6 10. h3 a6 11. Qc2 Rc8 12. c5 Bc7 13. f4 Nh5 14. Bf3 Qh4+ 15. Qf2
Ng3 16. Rg1 Nf6 17. Bd2 Nfe4 18. Nxe4 dxe4 19. Bd1 g5 20. Bc2 gxf4 21. exf4 f5
22. Bb3 Kf7 23. Be3 Rcd8 24. Bc4 Ke7 25. O-O-O g5 26. fxg5 f4 27. Bd2 Nf5 28.
Qe2 Ng3 29. Qe1 Qxg5 30. Kb1 Rhf8 31. Ba5 Bxa5 32. Qxa5 Rd7 33. Qc3 Rfd8 34.
Rge1 Qf6 35. Qb4 Kf8 36. Ka1 Rxd4 37. Rxd4 Qxd4 38. Bxe6 Qxb4 39. axb4 Rd2 40.
Bc8 Rxg2 41. Bxb7 f3 42. Bxa6 f2 43. Rb1 Rg1 44. Bc4 Ke7 45. b5 cxb5 46. Bxb5 e3
47. c6 Kd6 48. h4 Rxb1+ 49. Kxb1 e2 0-1

[Event "Mondiale Lampo FIDE 2022"]
[Site "Alma Ata"]
[Date "30.12.2022"]
[Round "17.41"]
[White "Gareyev, Timur"]
[Black "Kadric, Denis"]
[Result "1-0"]
[WhiteTitle ""]
[BlackTitle ""]
[WhiteElo "2602"]
[BlackElo "2584"]
[WhiteFideId "14200937"]
[BlackFideId "14403803"]
[EventDate "29.12.2022"]

1. d4 d6 2. Nc3 Nf6 3. Nf3 Nbd7 4. Bf4 Nh5 5. Bg5 h6 6. Bc1 e5 7. g4 Nhf6 8. g5
hxg5 9. Bxg5 Be7 10. Qd3 c6 11. Rg1 g6 12. O-O-O Qa5 13. e4 b5 14. a3 Rb8 15.
Bd2 Qc7 16. d5 Bb7 17. Ng5 Rxh2 18. Nxf7 Nf8 19. Qg3 Rh5 20. Nh6 a5 21. b4 axb4
22. axb4 Bc8 23. Be2 Rh3 24. Qg2 cxd5 25. Nxb5 Qc6 26. Nf5 gxf5 27. Qxh3 fxe4
28. Na7 Qc7 29. Bb5+ N6d7 30. Qh5+ 1-0

[Event "Mondiale Lampo FIDE 2022"]
[Site "Alma Ata"]
[Date "30.12.2022"]
[Round "17.43"]
[White "Agmanov, Zhandos"]
[Black "Predke, Alexandr"]
[Result "0-1"]
[WhiteTitle ""]
[BlackTitle ""]
[WhiteElo "2442"]
[BlackElo "2684"]
[WhiteFideId "13708309"]
[BlackFideId "24107581"]
[EventDate "29.12.2022"]

1. d4 d5 2. c4 e6 3. Nf3 Nf6 4. Nc3 Bb4 5. Qa4+ Nc6 6. e3 Bd7 7. Qc2 O-O 8. cxd5
exd5 9. Bd3 Bd6 10. a3 Ne7 11. O-O Qc8 12. Nb5 Bxb5 13. Bxb5 Ng6 14. Bd3 Qg4 15.
h3 Qh5 0-1

[Event "Mondiale Lampo FIDE 2022"]
[Site "Alma Ata"]
[Date "30.12.2022"]
[Round "17.44"]
[White "Yudin, Sergei"]
[Black "Moiseenko, Alexander"]
[Result "1-0"]
[WhiteTitle ""]
[BlackTitle ""]
[WhiteElo "2469"]
[BlackElo "2577"]
[WhiteFideId "4159659"]
[BlackFideId "14102560"]
[EventDate "29.12.2022"]

1. e4 c5 2. Nf3 e6 3. c3 Nf6 4. e5 Nd5 5. d4 cxd4 6. cxd4 d6 7. Bc4 Nc6 8. O-O
Be7 9. Qe2 O-O 10. Rd1 Na5 11. Bd3 Nb4 12. Nc3 Nxd3 13. Rxd3 b6 14. b4 Nc6 15.
a3 Bb7 16. Bf4 Rc8 17. Qd2 d5 18. h4 b5 19. h5 a5 20. h6 g6 21. Nxb5 Ba6 22. a4
axb4 23. Bg5 Na5 24. Qf4 b3 25. Rb1 Bxb5 26. axb5 Rc2 27. Rdxb3 Nxb3 28. Rxb3
Rc7 29. Bxe7 Qxe7 30. Nh2 f5 31. exf6 Qxf6 32. Qe3 Rb7 33. Ng4 Qf5 34. f3 Rc8
35. Ne5 g5 36. b6 Rcb8 37. Rc3 Rf8 38. Rc6 Qb1+ 39. Kh2 Qf5 40. Nd3 Re7 41. Nc5
Rf6 42. Qe5 Qxe5+ 43. dxe5 Rff7 44. Rc8+ Rf8 45. Rxf8+ Kxf8 46. b7 Rd7 47. Nxd7+
Kf7 48. b8=Q d4 1-0

[Event "Mondiale Lampo FIDE 2022"]
[Site "Alma Ata"]
[Date "30.12.2022"]
[Round "17.45"]
[White "Vokhidov, Shamsiddin"]
[Black "Hovhannisyan, Robert"]
[Result "0-1"]
[WhiteTitle ""]
[BlackTitle ""]
[WhiteElo "2579"]
[BlackElo "2597"]
[WhiteFideId "14204223"]
[BlackFideId "13302507"]
[EventDate "29.12.2022"]

1. e4 e5 2. Nf3 Nc6 3. Bb5 Nf6 4. d3 Bc5 5. Bg5 h6 6. Bh4 Be7 7. Nc3 O-O 8. Bxc6
bxc6 9. Nxe5 Nxe4 10. Bxe7 Qxe7 11. Nxc6 dxc6 12. Qe2 Bh3 13. dxe4 Qb4 14. Qe3
Bxg2 15. Rg1 Bxe4 16. O-O-O Bg6 17. Qd4 c5 18. Qxb4 cxb4 19. Nd5 c5 20. Ne7+ Kh7
21. f4 a5 22. f5 Bh5 23. Rd5 Ra7 24. f6 gxf6 25. Rxh5 Rxe7 26. Rxc5 Re5 0-1

[Event "Mondiale Lampo FIDE 2022"]
[Site "Alma Ata"]
[Date "30.12.2022"]
[Round "17.46"]
[White "Ghaem Maghami, Ehsan"]
[Black "Narayanan, S.L."]
[Result "1-0"]
[WhiteTitle ""]
[BlackTitle ""]
[WhiteElo "2490"]
[BlackElo "2669"]
[WhiteFideId "12500739"]
[BlackFideId "5058422"]
[EventDate "29.12.2022"]

1. e4 c5 2. Nf3 e6 3. c3 Nf6 4. e5 Nd5 5. d4 cxd4 6. cxd4 b6 7. Bc4 Bb7 8. O-O
Be7 9. Bxd5 Bxd5 10. Nc3 Bb7 11. d5 exd5 12. Nxd5 O-O 13. Re1 Na6 14. b3 Rc8 15.
Nxe7+ Qxe7 16. Nd4 Nc5 17. Qg4 Rfe8 18. Nf5 Qf8 19. Bh6 Ne6 20. Nd6 f5 21. Nxf5
Kh8 22. Be3 Rb8 23. Nd6 Re7 24. f4 g6 25. Rf1 Rg7 26. Qh3 Bc6 27. Rf2 Nc5 28.
Bxc5 bxc5 29. Raf1 Qg8 30. Qh4 Rf8 31. Qg5 Qe6 32. h3 a5 33. Kh2 Qd5 34. Qg3 Qe6
35. Qe3 Qd5 36. Rd2 Qe6 37. Qxc5 Ra8 38. Rdf2 a4 39. b4 a3 40. b5 Bd5 41. Qd4
Bxa2 42. f5 gxf5 43. Nxf5 Rg5 44. b6 Bd5 45. Nd6 Rag8 46. g4 Qxe5+ 47. Qxe5+
Rxe5 48. b7 h5 49. Rf8 Bxb7 50. Nxb7 Rxf8 51. Rxf8+ Kg7 52. Ra8 hxg4 53. hxg4
Re3 54. Nd6 Kf6 55. Ra5 Rd3 56. Ne4+ Kg6 57. Kg2 d5 58. Nf2 Rd2 59. Rxa3 Rb2 60.
Kf3 Rb6 61. Ra5 1-0

[Event "Mondiale Lampo FIDE 2022"]
[Site "Alma Ata"]
[Date "30.12.2022"]
[Round "17.47"]
[White "Yilmaz, Mustafa"]
[Black "Ter-Sahakyan, Samvel"]
[Result "0-1"]
[WhiteTitle ""]
[BlackTitle ""]
[WhiteElo "2617"]
[BlackElo "2605"]
[WhiteFideId "6302718"]
[BlackFideId "13302531"]
[EventDate "29.12.2022"]

1. d4 Nf6 2. c4 e6 3. Nf3 d5 4. Nc3 Bb4 5. Qa4+ Nc6 6. e3 O-O 7. Qc2 Na5 8. c5
b6 9. a3 Bxc3+ 10. Qxc3 Ne4 11. Qc2 bxc5 12. b4 cxb4 13. axb4 Nb7 14. Ne5 Bd7
15. b5 f6 16. Nxd7 Qxd7 17. Bd3 f5 18. Ba3 Nbd6 19. O-O Rfb8 20. f3 Nf6 21. Bxd6
cxd6 22. Ra6 Rb6 23. Rfa1 Qb7 24. Rxb6 axb6 25. Rxa8+ Qxa8 26. Qc7 f4 27. exf4
Qa1+ 28. Kf2 Qxd4+ 29. Ke2 Qb2+ 30. Kf1 Qa1+ 31. Ke2 Qb2+ 32. Kf1 Qd4 33. Ke2
Qc5 34. Qe7 e5 35. fxe5 dxe5 36. Qe6+ Kf8 37. Qxe5 Qe7 38. f4 h6 39. Kf3 Qc5 40.
Qb8+ Ke7 41. Qe5+ Kf8 42. g4 Qa3 43. Qb8+ Kf7 44. Ke2 Qb2+ 45. Kd1 Qd4 46. Qc7+
Kf8 47. Qc8+ Kf7 48. Qc7+ Kf8 49. Kc2 Ne4 50. Qc8+ Kf7 51. Qf5+ Ke7 52. Bxe4
dxe4 53. Qg6 e3 54. Qd3 Qxf4 55. Kb3 Qe5 56. Qe2 Qd4 57. Qg2 Qd3+ 58. Kb4 Qd2+ 0-1

[Event "Mondiale Lampo FIDE 2022"]
[Site "Alma Ata"]
[Date "30.12.2022"]
[Round "17.48"]
[White "Jumabayev, Rinat"]
[Black "Tabatabaei, M. Amin"]
[Result "0-1"]
[WhiteTitle ""]
[BlackTitle ""]
[WhiteElo "2609"]
[BlackElo "2660"]
[WhiteFideId "13702661"]
[BlackFideId "12521213"]
[EventDate "29.12.2022"]

1. d4 Nf6 2. c4 e6 3. Nf3 d5 4. g3 Bb4+ 5. Bd2 Be7 6. Bg2 O-O 7. O-O c6 8. Qc2
a5 9. Bf4 dxc4 10. Qxc4 Nd5 11. Nbd2 Nd7 12. a3 a4 13. Rfd1 Nxf4 14. gxf4 Nf6
15. e3 Qa5 16. Ne5 Rd8 17. Rac1 Bd7 18. Ndf3 Be8 19. Rd2 Nd5 20. Qe2 f6 21. Nd3
Bh5 22. Bh3 f5 23. Nc5 Bxf3 0-1

[Event "Mondiale Lampo FIDE 2022"]
[Site "Alma Ata"]
[Date "30.12.2022"]
[Round "17.49"]
[White "Hambleton, Aman"]
[Black "Jobava, Baadur"]
[Result "0-1"]
[WhiteTitle ""]
[BlackTitle ""]
[WhiteElo "2437"]
[BlackElo "2578"]
[WhiteFideId "2606577"]
[BlackFideId "13601520"]
[EventDate "29.12.2022"]

1. d4 d5 2. Bf4 Nf6 3. e3 c5 4. c3 Nc6 5. Nd2 cxd4 6. exd4 Bf5 7. Qb3 Qb6 8.
Ngf3 e6 9. Nh4 Be4 10. Nxe4 dxe4 11. g3 Be7 12. Ng2 O-O 13. Qxb6 axb6 14. Be2
Nd5 15. Bd2 e5 16. dxe5 Nxe5 17. Nf4 Nf6 18. a3 Rfd8 19. h3 Bc5 20. Rf1 Nf3+ 21.
Bxf3 exf3 22. Be3 g5 23. Bxc5 0-1

[Event "Mondiale Lampo FIDE 2022"]
[Site "Alma Ata"]
[Date "30.12.2022"]
[Round "17.50"]
[White "Alonso Rosell, Alvar"]
[Black "Tomashevsky, Evgeny"]
[Result "1-0"]
[WhiteTitle ""]
[BlackTitle ""]
[WhiteElo "2561"]
[BlackElo "2694"]
[WhiteFideId "2270544"]
[BlackFideId "4147235"]
[EventDate "29.12.2022"]

1. d4 Nf6 2. c4 e6 3. Nf3 Bb4+ 4. Nbd2 O-O 5. a3 Be7 6. e4 d6 7. Be2 Nbd7 8. Qc2
c5 9. d5 Re8 10. dxe6 fxe6 11. e5 Nxe5 12. Nxe5 dxe5 13. Ne4 Bd7 14. Bf3 Bc6 15.
Nxf6+ Bxf6 16. Bxc6 bxc6 17. O-O Rb8 18. Rb1 e4 19. Qxe4 Qd4 20. Qe2 Rb3 21. Be3
Qe4 22. Qh5 Reb8 23. Qxc5 a6 24. h3 h6 25. Rbe1 Rxb2 26. Bxh6 Qf5 27. Qxf5 exf5
28. Bf4 R8b3 29. Re6 Rxa3 30. Rxc6 Rc2 31. Be3 a5 32. g4 f4 33. Bxf4 Rxh3 34. g5
Bd4 35. g6 Kf8 36. Kg2 Rh4 37. Bd6+ Ke8 38. Bg3 Rg4 39. Kf3 Rg5 40. Re1+ Kd7 41.
Rd6+ 1-0

[Event "Mondiale Lampo FIDE 2022"]
[Site "Alma Ata"]
[Date "30.12.2022"]
[Round "17.51"]
[White "Petrov, Nikita"]
[Black "Brunello, Sabino"]
[Result "1/2-1/2"]
[WhiteTitle ""]
[BlackTitle ""]
[WhiteElo "2537"]
[BlackElo "2519"]
[WhiteFideId "4101286"]
[BlackFideId "813613"]
[EventDate "29.12.2022"]

1. d4 d5 2. c4 e6 3. Nc3 Nf6 4. Bg5 Nbd7 5. e3 Be7 6. Nf3 O-O 7. Qc2 c5 8. cxd5
Nxd5 9. Bxe7 Qxe7 10. Nxd5 exd5 11. dxc5 Nxc5 12. Be2 Be6 13. O-O Rac8 14. Qd2
Ne4 15. Qd4 Qc5 16. Bd3 Qxd4 17. Nxd4 Bd7 18. Rfd1 Nc5 19. Be2 Rfd8 20. Rac1 Na4
21. Rb1 Kf8 22. Rd2 Nb6 23. Kf1 Nc4 24. Rdd1 Ke7 25. Ke1 a5 26. b3 Nd6 27. Bd3
h6 28. Rbc1 Rxc1 29. Rxc1 Rc8 30. Rxc8 Nxc8 31. Kd2 Kd6 32. Kc3 Kc5 33. Bf5 Nb6
34. Bxd7 Nxd7 35. Nf5 Nf6 36. f3 Ne8 37. a3 h5 38. b4+ axb4+ 39. axb4+ Kb5 40.
Ne7 Nc7 41. Nf5 Ne8 42. Ne7 1/2-1/2

[Event "Mondiale Lampo FIDE 2022"]
[Site "Alma Ata"]
[Date "30.12.2022"]
[Round "17.52"]
[White "Muradli, Mahammad"]
[Black "Gharibyan, Mamikon"]
[Result "0-1"]
[WhiteTitle ""]
[BlackTitle ""]
[WhiteElo "2540"]
[BlackElo "2480"]
[WhiteFideId "13409301"]
[BlackFideId "13308300"]
[EventDate "29.12.2022"]

1. c4 e5 2. d3 Nf6 3. Nf3 e4 4. dxe4 Nxe4 5. Nbd2 Nf6 6. b3 g6 7. Bb2 Bg7 8. g3
O-O 9. Bg2 a5 10. a3 d6 11. O-O Nbd7 12. Re1 Re8 13. Qc2 Nc5 14. Nd4 h5 15. g4
Qe7 16. e4 h4 17. h3 Nxg4 18. hxg4 Bxg4 19. Nf1 h3 20. Bh1 Be5 21. Qd2 Qf6 22.
Rab1 Bf4 23. Qc3 Qg5 24. Ng3 Re5 25. Nf3 Bxf3 26. Qxf3 h2+ 27. Kf1 Ree8 28. Bg2
a4 29. b4 Nb3 30. Rbd1 Nd2+ 31. Rxd2 Bxd2 32. Rd1 Bf4 33. Ne2 Be5 34. Bc1 Qh4
35. Rd3 Kg7 36. Bh1 Rh8 37. Qg2 Ra6 38. f4 Bf6 39. Be3 Rc6 40. c5 Ra6 41. Bf2
Qh5 42. Rd5 Qh7 43. e5 dxe5 44. fxe5 Be7 45. Bd4 Qh4 46. Rd7 Re6 47. Qf3 Rh5 48.
Ng3 Rg5 49. Bf2 Qc4+ 50. Kg2 Rexe5 51. Bd4 Bf6 52. Bf2 Ref5 53. Qe3 Be5 54. Kh3
Qg4+ 55. Kg2 Rxf2+ 56. Qxf2 Qxd7 0-1

[Event "Mondiale Lampo FIDE 2022"]
[Site "Alma Ata"]
[Date "30.12.2022"]
[Round "17.53"]
[White "Adly, Ahmed"]
[Black "Averin, Nikolay"]
[Result "1/2-1/2"]
[WhiteTitle ""]
[BlackTitle ""]
[WhiteElo "2596"]
[BlackElo "2342"]
[WhiteFideId "10601619"]
[BlackFideId "24250473"]
[EventDate "29.12.2022"]

1. d4 d5 2. Nc3 Nf6 3. Bf4 c5 4. e3 cxd4 5. exd4 a6 6. Nf3 Bg4 7. h3 Bxf3 8.
Qxf3 Nc6 9. O-O-O e6 10. g4 Bd6 11. Be3 Qe7 12. g5 Nd7 13. h4 O-O-O 14. Bh3 Rdf8
15. Rhe1 Qd8 16. Bf4 Bxf4+ 17. Qxf4 Qc7 18. Qe3 g6 19. Ne2 Ne7 20. Rd3 Kb8 21.
Qd2 Nc8 22. Rc3 Qd8 23. Qf4+ Ka8 24. Kb1 Nb8 25. Nc1 Nd6 26. Nd3 Ne4 27. Rb3 Nc6
28. f3 Nd6 29. Nc5 Ka7 30. Bf1 Qe7 31. c4 dxc4 32. Rc3 Nb5 33. Rxc4 Nbxd4 34.
Rec1 e5 35. Qe4 Rc8 36. f4 Rhe8 37. Ra4 exf4 38. Rxd4 Nxd4 39. Qxd4 Qe3 40. Qxe3
fxe3 41. Be2 b6 42. Nxa6 Rxc1+ 43. Kxc1 Re4 44. Kc2 Rxh4 45. Nc7 Rh2 46. Nb5+
Kb8 47. Kd3 Rg2 48. Nd6 Rxg5 49. Nxf7 Rg3 50. Ke4 g5 51. Nh6 Rh3 52. Nf5 h5 53.
Nxe3 Rh2 54. Kd3 g4 55. Nf1 Rh3+ 56. Ke4 Kc7 57. Kf4 Kd6 58. Ng3 Rh2 59. a4 Kc5
60. b3 Kb4 61. Bc4 h4 62. Nf1 Rg2 63. Ne3 Rb2 64. Kxg4 Rxb3 65. Bxb3 Kxb3 66.
Nd5 Kxa4 67. Nxb6+ Kb5 1/2-1/2

[Event "Mondiale Lampo FIDE 2022"]
[Site "Alma Ata"]
[Date "30.12.2022"]
[Round "17.54"]
[White "Dragnev, Valentin"]
[Black "Lintchevski, Daniil"]
[Result "0-1"]
[WhiteTitle ""]
[BlackTitle ""]
[WhiteElo "2556"]
[BlackElo "2548"]
[WhiteFideId "1634852"]
[BlackFideId "4171055"]
[EventDate "29.12.2022"]

1. e4 c5 2. Nc3 e6 3. Nge2 Nf6 4. d4 cxd4 5. Nxd4 Nc6 6. Ndb5 d6 7. Bf4 e5 8.
Bg5 a6 9. Na3 Be6 10. Nc4 Rb8 11. Be2 Nd4 12. Bxf6 Qxf6 13. O-O Be7 14. Nb6 Bd8
15. Nbd5 Qg6 16. f4 Bxd5 17. f5 Qh6 18. Nxd5 O-O 19. c3 Nc6 20. Rf3 Ne7 21. Rh3
Qg5 22. Rh5 Nxd5 23. Rxg5 Ne3 24. Rxg7+ Kxg7 25. Qd3 Bb6 26. Kh1 Rbd8 27. Bf3 d5
28. exd5 e4 29. Bxe4 Kh8 30. Bf3 f6 31. g3 Rfe8 32. Re1 Re5 33. c4 Rde8 34. Re2
Nxf5 35. Rxe5 Rxe5 36. d6 Nd4 37. d7 Ne6 38. Be4 Kg7 39. Bxh7 Ng5 40. Bf5 Re1+ 0-1